[Event "Oberliga NRW 9900 II"]
[Site "Germany"]
[Date "1999.12.20"]
[Round "3.6"]
[White "Schacht, Egbert"]
[Black "Granitzki, Reinhardt"]
[Result "1-0"]
[WhiteElo "2215"]
[BlackElo "1743"]
[PlyCount "103"]
[EventDate "1999.10.26"]
[EventType "team"]
[EventRounds "9"]
[EventCountry "GER"]
[SourceTitle "EXT 2001"]
[Source "ChessBase"]
[SourceDate "2000.11.22"]
[SourceVersion "1"]
[SourceVersionDate "2000.11.22"]
[SourceQuality "1"]
[WhiteTeam "Wiedenbrueck"]
[BlackTeam "Wuppertal"]
[WhiteTeamCountry "GER"]
[BlackTeamCountry "GER"]

1. Nf3 d5 2. d4 e6 3. c4 Nf6 4. g3 Be7 5. Bg2 0-0 6. 0-0 c6 7. Qc2 Nbd7 8. Rd1 b5 9. cxb5 cxb5 10. Bf4 Bb7 11. a4 Rc8 12. Qd3 b4 13. a5 a6 14. Nbd2 Nb8 15. Nb3 Bc6 16. Rdc1 Bb5 17. Qd1 Nc6 18. Ne5 Nxe5 19. Bxe5 Bc4 20. Nc5 Nd7 21. Nb7 Qe8 22. Nd6 Bxd6 23. Bxd6 b3 24. e4 f5 25. Bxf8 Qxf8 26. exd5 exd5 27. Bf1 f4 28. Qf3 fxg3 29. Qxf8+ Nxf8 30. hxg3 Ne6 31. Bxc4 dxc4 32. Ra4 Nxd4 33. Rcxc4 Nf3+ 34. Kg2 Ne1+ 35. Kf1 Rxc4 36. Rxc4 Nd3 37. Rc3 Nxb2 38. Rxb3 Nc4 39. Rb6 Nxa5 40. Rxa6 Nc4 41. Ke2 h6 42. Kd3 Ne5+ 43. Ke4 Nd7 44. Ra7 Nf6+ 45. Kf5 Kh7 46. Ra6 Nd5 47. Rd6 Ne7+ 48. Ke6 Ng6 49. f4 Kg8 50. f5 Nh8 51. Rd8+ Kh7 52. g4 1-0